Fr. Conceicao Rodrigues College of Engineering

Baggage Rules (Record no. 27094)

MARC details
000 -LEADER
fixed length control field 00295nam a2200145Ia 4500
082 ## - DEWEY DECIMAL CLASSIFICATION NUMBER
Classification number 340
100 ## - MAIN ENTRY--PERSONAL NAME
Personal name SL. Dwivedi
245 ## - TITLE STATEMENT
Title Baggage Rules
260 ## - PUBLICATION, DISTRIBUTION, ETC.
Name of publisher, distributor, etc. Estern book company
Place of publication, distribution, etc. Lucknow
Date of publication, distribution, etc. 1983
300 ## - PHYSICAL DESCRIPTION
Extent 69
490 ## - SERIES STATEMENT
Volume/sequential designation 1
546 ## - LANGUAGE NOTE
Language note ENGLISH
654 ## - SUBJECT ADDED ENTRY--FACETED TOPICAL TERMS
Focus term Baggage Rules
942 ## - ADDED ENTRY ELEMENTS (KOHA)
Koha item type BOOK
Holdings
Withdrawn status Lost status Damaged status Not for loan Collection Home library Current library Shelving location Date acquired Source of acquisition Cost, normal purchase price Inventory number Total Checkouts Full call number Barcode Date last seen Cost, replacement price Price effective from Koha item type
        AFT Fr. Agnel's C.Rodrigues College of Engineering Fr. Agnel's C.Rodrigues College of Engineering   17/03/2023 JAIN BOOK DEPOT 12.00 8729   340 AFT3471 17/03/2023 12.00 17/03/2023 BOOK